000 00914cad a22002295a 4500
001 L145503
008 081015s2008 xxkad f s 000 0 eng d
035 _a(Sirsi) u145503
041 0 _aeng
050 0 4 _a333.33 $2 18
110 2 _aInvestment Property Databank
_92288
245 0 0 _aIPD UK monthly property index
_bend September 2008
_h[electronic resource]
260 _aLondon
_bIPD
_c2008
490 0 _aIPD UK Monthly Property Index
_vSeptember 2008
520 _aAll property total returns fell to -2.4%, compared with -1.1% in August, making September the weakest single month since the November and December 2007 low.
590 _aKA NTK
650 2 4 _aIPD UK MONTHLY PROPERTY INDEX
651 4 _aUnited Kingdom
_y
690 _aPROPERTY-COMMERCIAL PROPERTY-COMMERCIAL PROPERTY MARKET
856 4 0 _uhttps://www.ipd.com/
_zView this report free of charge under indices at www.ipd.com...
942 _n0
999 _c108809
_d108809